[Event "Tarragona-ch Seniors"]
[Site "Cambrils"]
[Date "2020.03.05"]
[Round "7.13"]
[White "Solsona Manonelles, Josep"]
[Black "Sanz Ortiz, Joaquim"]
[Result "1-0"]
[WhiteElo "1497"]
[BlackElo "1373"]
[PlyCount "77"]
[EventDate "2020.01.23"]
[EventType "swiss"]
[EventRounds "8"]
[EventCountry "ESP"]
[SourceTitle "EXT 2024"]
[Source "ChessBase"]
[SourceDate "2023.10.10"]
[SourceVersion "1"]
[SourceVersionDate "2023.10.10"]
[SourceQuality "1"]

1. d4 g6 2. c4 Bg7 3. Nf3 d6 4. Bf4 e6 5. Nc3 a6 6. Qd2 Ne7 7. e4 0-0 8. Bh6 Nd7 9. Bxg7 Kxg7 10. Be2 Rb8 11. 0-0 c6 12. Qf4 Qc7 13. c5 e5 14. Qh4 Ng8 15. cxd6 Qxd6 16. Rfd1 exd4 17. Nxd4 Qf6 18. Qxf6+ Ngxf6 19. f4 Nc5 20. e5 Nfe4 21. Nxe4 Nxe4 22. Bf3 f5 23. exf6+ Nxf6 24. Re1 Bg4 25. Bxg4 Nxg4 26. Ne6+ Kf7 27. Nxf8 Kxf8 28. Re6 Rd8 29. h3 Nh6 30. Rae1 Nf5 31. Kh2 Rd7 32. R6e4 Rd2 33. R1e2 Rd3 34. Re8+ Kg7 35. g4 Nd6 36. R8e7+ Kg8 37. Rd7 Rd5 38. g5 Nc4 39. Re8# 1-0

[Event "Tarragona-ch Seniors"]
[Site "Cambrils"]
[Date "2020.02.13"]
[Round "4.8"]
[White "Solsona Manonelles, Josep"]
[Black "Negreiro Pozo, Benet"]
[Result "0-1"]
[WhiteElo "1497"]
[BlackElo "1865"]
[PlyCount "74"]
[EventDate "2020.01.23"]
[EventType "swiss"]
[EventRounds "8"]
[EventCountry "ESP"]
[SourceTitle "EXT 2024"]
[Source "ChessBase"]
[SourceDate "2023.10.10"]
[SourceVersion "1"]
[SourceVersionDate "2023.10.10"]
[SourceQuality "1"]

1. d4 d5 2. Nc3 Nf6 3. Bg5 e6 4. e3 Be7 5. Bd3 h6 6. Bh4 0-0 7. Nf3 Nc6 8. 0-0 a6 9. a3 b5 10. b4 Bb7 11. Bg3 Nd7 12. Ne2 Bf6 13. c3 e5 14. Bf5 e4 15. Nd2 Ne7 16. Bg4 Ng6 17. Bf5 Nh4 18. Bg4 Nb6 19. f3 exf3 20. Nxf3 Nxf3+ 21. Rxf3 Nc4 22. Qc2 Re8 23. Bf2 Bg5 24. Nf4 Bc8 25. Bxc8 Rxc8 26. a4 c6 27. a5 Qd7 28. Re1 Re4 29. Nd3 Be7 30. Bg3 f6 31. Nf4 Re8 32. Ne2 Nxe3 33. Qd3 Bd6 34. Bf2 Ng4 35. g3 Qe6 36. h3 Nxf2 37. Kxf2 Qxh3 0-1

[Event "Tarragona-ch Seniors"]
[Site "Cambrils"]
[Date "2020.01.30"]
[Round "2.17"]
[White "Solsona Manonelles, Josep"]
[Black "Navarro Fornos, Pere Josep"]
[Result "1-0"]
[WhiteElo "1497"]
[BlackElo "1660"]
[PlyCount "57"]
[EventDate "2020.01.23"]
[EventType "swiss"]
[EventRounds "8"]
[EventCountry "ESP"]
[SourceTitle "EXT 2024"]
[Source "ChessBase"]
[SourceDate "2023.10.10"]
[SourceVersion "1"]
[SourceVersionDate "2023.10.10"]
[SourceQuality "1"]

1. d4 g6 2. e4 d6 3. Nf3 Bg7 4. Be2 Nf6 5. Nbd2 0-0 6. c3 b6 7. 0-0 Bb7 8. Bd3 Nbd7 9. Re1 c6 10. Nf1 e5 11. h3 b5 12. Be3 a5 13. Qd2 exd4 14. Nxd4 Ne5 15. Ng3 Qd7 16. Be2 Qe8 17. Rad1 Ned7 18. Bf3 Nc5 19. Bf4 Qd7 20. Bh6 Bxh6 21. Qxh6 Ne6 22. e5 Ne8 23. exd6 Nxd4 24. Rxd4 f5 25. Re7 Rf7 26. Rxd7 Rxd7 27. Nxf5 gxf5 28. Qe6+ Rf7 29. Bh5 1-0

[Event "Tarragona-ch Seniors"]
[Site "Cambrils"]
[Date "2020.01.23"]
[Round "1.15"]
[White "Recasens Font, Juan M"]
[Black "Solsona Manonelles, Josep"]
[Result "1-0"]
[WhiteElo "1791"]
[BlackElo "1497"]
[PlyCount "43"]
[EventDate "2020.01.23"]
[EventType "swiss"]
[EventRounds "8"]
[EventCountry "ESP"]
[SourceTitle "EXT 2024"]
[Source "ChessBase"]
[SourceDate "2023.10.10"]
[SourceVersion "1"]
[SourceVersionDate "2023.10.10"]
[SourceQuality "1"]

1. Nc3 d5 2. d4 e6 3. Bf4 Bb4 4. Nf3 Nd7 5. a3 Bxc3+ 6. bxc3 Ne7 7. Qd3 c5 8. dxc5 Nxc5 9. Qb5+ Nd7 10. a4 0-0 11. e3 a6 12. Qb2 Ng6 13. Bd6 Re8 14. a5 Qf6 15. Be2 Nde5 16. 0-0 Rd8 17. Bc5 Nxf3+ 18. Bxf3 Ne5 19. Be2 Nd7 20. Bd6 Nf8 21. Qb4 e5 22. Be7 1-0

[Event "La Pobla de Lillet op-B 29th"]
[Site "La Pobla de Lillet"]
[Date "2019.08.10"]
[Round "9"]
[White "Vidal Moll, Francesc"]
[Black "Solsona Manonelles, Josep"]
[Result "1/2-1/2"]
[WhiteElo "1500"]
[BlackElo "1470"]
[PlyCount "40"]
[EventDate "2019.08.02"]
[EventType "swiss"]
[EventRounds "9"]
[EventCountry "ESP"]
[SourceTitle "EXT 2022"]
[Source "ChessBase"]
[SourceDate "2021.10.06"]
[SourceVersion "1"]
[SourceVersionDate "2021.10.06"]
[SourceQuality "1"]

1. d4 d5 2. e3 e6 3. Bd3 c5 4. c3 c4 5. Bc2 Nf6 6. Nd2 Bd6 7. f4 Nc6 8. Ngf3 Ne7 9. 0-0 Nf5 10. Qe2 Ng4 11. Bxf5 exf5 12. Ne5 0-0 13. h3 Nf6 14. Re1 Qe7 15. Qf3 Ne4 16. Nxe4 fxe4 17. Qg3 Qf6 18. Bd2 Bf5 19. b3 b5 20. Reb1 Rfb8 1/2-1/2

[Event "La Pobla de Lillet op-B 29th"]
[Site "La Pobla de Lillet"]
[Date "2019.08.09"]
[Round "8"]
[White "Solsona Manonelles, Josep"]
[Black "Burset Camps, Guillem"]
[Result "1/2-1/2"]
[WhiteElo "1470"]
[BlackElo "1585"]
[PlyCount "57"]
[EventDate "2019.08.02"]
[EventType "swiss"]
[EventRounds "9"]
[EventCountry "ESP"]
[SourceTitle "EXT 2022"]
[Source "ChessBase"]
[SourceDate "2021.10.06"]
[SourceVersion "1"]
[SourceVersionDate "2021.10.06"]
[SourceQuality "1"]

1. d4 d5 2. c4 e6 3. Nc3 Nf6 4. Nf3 Be7 5. Qc2 0-0 6. e4 dxe4 7. Nxe4 Nbd7 8. Bd3 Nxe4 9. Bxe4 Nf6 10. Bg5 Nxe4 11. Bxe7 Qxe7 12. Qxe4 Qb4+ 13. Nd2 Bd7 14. Qc2 c5 15. a3 Qb6 16. dxc5 Qxc5 17. 0-0 Bc6 18. b4 Qg5 19. Ne4 Qg6 20. f3 b6 21. Qe2 f5 22. Nf2 Rae8 23. Nd3 e5 24. Nxe5 Qf6 25. Rae1 Re6 26. f4 g5 27. Qe3 Rfe8 28. Qg3 g4 29. Nxc6 1/2-1/2

[Event "Tarragona Province-ch B"]
[Site "Tarragona"]
[Date "2015.11.01"]
[Round "5.10"]
[White "Solsona Manonelles, Josep"]
[Black "Cabo Izquierdo, Mario"]
[Result "0-1"]
[WhiteElo "1799"]
[BlackElo "1895"]
[PlyCount "76"]
[EventDate "2015.09.27"]
[EventType "swiss"]
[EventRounds "9"]
[EventCountry "ESP"]
[SourceTitle "EXT 2024"]
[Source "ChessBase"]
[SourceDate "2023.10.10"]
[SourceVersion "1"]
[SourceVersionDate "2023.10.10"]
[SourceQuality "1"]

1. d4 Nf6 2. c4 e5 3. d5 Bc5 4. e3 0-0 5. Nf3 d6 6. Be2 Ne4 7. 0-0 f5 8. Nc3 Ng5 9. Na4 Nd7 10. a3 a6 11. b4 Ba7 12. Nc3 e4 13. Nd4 Qf6 14. Bb2 f4 15. exf4 Nh3+ 16. gxh3 Bxd4 17. Nxe4 Qg6+ 18. Ng3 Bxb2 19. Bd3 Qf6 20. Ra2 Bd4 21. Qc2 g6 22. f5 Ne5 23. Be4 gxf5 24. Bg2 Qg5 25. Kh1 Qh4 26. f4 Ng6 27. Qd2 Bb6 28. Rb2 Bd7 29. Rb3 Rae8 30. Rbf3 Re7 31. Qd3 Qf6 32. Qd2 Qd4 33. Qxd4 Bxd4 34. Rd1 Be3 35. Ne2 Kh8 36. Rd3 Rfe8 37. Bf1 Nh4 38. Rg3 Bf2 0-1

[Event "Tarragona-ch Seniors"]
[Site "Cambrils"]
[Date "2015.02.19"]
[Round "4.9"]
[White "Recasens Font, Juan M"]
[Black "Solsona Manonelles, Josep"]
[Result "1-0"]
[WhiteElo "2027"]
[BlackElo "1816"]
[PlyCount "39"]
[EventDate "2015.01.29"]
[EventType "swiss"]
[EventRounds "8"]
[EventCountry "ESP"]
[SourceTitle "EXT 2024"]
[Source "ChessBase"]
[SourceDate "2023.10.10"]
[SourceVersion "1"]
[SourceVersionDate "2023.10.10"]
[SourceQuality "1"]

1. Nf3 Nf6 2. c4 e6 3. g3 c5 4. Bg2 d5 5. cxd5 Nxd5 6. 0-0 Be7 7. d3 Nc6 8. Nc3 0-0 9. Ne4 h6 10. b3 f5 11. Ned2 Bf6 12. Ba3 Bxa1 13. Qxa1 b6 14. Nc4 Qf6 15. Bb2 Qe7 16. Nfe5 Qc7 17. Nxc6 Qxc6 18. Bxg7 Re8 19. Bxh6 Qc7 20. e4 1-0

[Event "Tarragona Province-ch Seniors"]
[Site "Salou"]
[Date "2014.01.30"]
[Round "1"]
[White "Tolda Andreu, Eloi"]
[Black "Solsona Manonelles, Josep"]
[Result "1-0"]
[WhiteElo "2069"]
[BlackElo "1872"]
[PlyCount "67"]
[EventDate "2014.01.30"]
[EventType "swiss"]
[EventRounds "8"]
[EventCountry "ESP"]
[SourceTitle "EXT 2024"]
[Source "ChessBase"]
[SourceDate "2023.10.10"]
[SourceVersion "1"]
[SourceVersionDate "2023.10.10"]
[SourceQuality "1"]

1. c4 e5 2. Nc3 Nf6 3. Nf3 Nc6 4. d3 Be7 5. g3 d6 6. Bg2 0-0 7. 0-0 h6 8. a3 Be6 9. Qc2 Qd7 10. Re1 a6 11. b4 Rab8 12. Bb2 Na7 13. Nd2 Rfd8 14. Rac1 b6 15. Nd5 c6 16. Nxe7+ Qxe7 17. d4 Qc7 18. dxe5 dxe5 19. Ne4 Nxe4 20. Bxe4 f5 21. Red1 Qf7 22. Bg2 Qc7 23. Bh3 Rf8 24. e4 g6 25. Qc3 Rbe8 26. Qxe5 Qxe5 27. Bxe5 fxe4 28. Bxe6+ Rxe6 29. Bf4 g5 30. Be3 Nc8 31. Rd7 Rf7 32. Rcd1 Ree7 33. Rxe7 Rxe7 34. Rd8+ 1-0

[Event "La Pobla de Lillet op 22nd"]
[Site "La Pobla de Lillet"]
[Date "2012.08.01"]
[Round "1"]
[White "Solsona Manonelles, Josep"]
[Black "Mellado Trivino, Juan"]
[Result "0-1"]
[WhiteElo "1697"]
[BlackElo "2444"]
[PlyCount "36"]
[EventDate "2012.08.01"]
[EventType "swiss"]
[EventRounds "9"]
[EventCountry "ESP"]
[SourceTitle "CBM 149 Extra"]
[Source "ChessBase"]
[SourceDate "2012.08.24"]
[SourceVersion "1"]
[SourceVersionDate "2012.08.24"]
[SourceQuality "1"]

1. d4 Nf6 2. c4 c5 3. d5 b5 4. Qc2 bxc4 5. e4 d6 6. Bxc4 g6 7. Bd2 Bg7 8. Bc3 0-0 9. Nf3 Nbd7 10. Nbd2 Nb6 11. b3 e5 12. 0-0 Nh5 13. Rfe1 f5 14. Rad1 Nf4 15. Bf1 fxe4 16. Nxe4 Bg4 17. Bc4 Nxc4 18. bxc4 Nxg2 0-1

[Event "Balaguer op 17th"]
[Site "Balaguer"]
[Date "2012.06.23"]
[Round "8"]
[White "Vidal Rosell, Jose"]
[Black "Solsona Manonelles, Josep"]
[Result "1-0"]
[WhiteElo "1872"]
[BlackElo "1701"]
[PlyCount "55"]
[EventDate "2012.06.16"]
[EventType "swiss"]
[EventRounds "9"]
[EventCountry "ESP"]
[SourceTitle "EXT 2013"]
[Source "ChessBase"]
[SourceDate "2012.11.22"]
[SourceVersion "1"]
[SourceVersionDate "2012.11.22"]
[SourceQuality "1"]

1. e4 e6 2. f4 d5 3. e5 c5 4. Nf3 Nc6 5. Be2 Nge7 6. c3 Nf5 7. 0-0 Qb6 8. d3 c4+ 9. d4 Be7 10. Kh1 0-0 11. Qc2 g6 12. g4 Ng7 13. Rg1 Bd7 14. Nbd2 a5 15. Nf1 Qc7 16. Ng3 b5 17. f5 exf5 18. gxf5 Nxf5 19. Nxf5 Bxf5 20. Qxf5 Kh8 21. Qh3 Qc8 22. Qh6 Rg8 23. Bg5 Qf5 24. Qh4 Rac8 25. Raf1 Qe4 26. Qxe4 dxe4 27. Bxe7 exf3 28. Bf6+ 1-0

[Event "Balaguer op 17th"]
[Site "Balaguer"]
[Date "2012.06.20"]
[Round "5"]
[White "Solsona Manonelles, Josep"]
[Black "Ferrer Font, Jordi"]
[Result "0-1"]
[WhiteElo "1701"]
[BlackElo "1804"]
[PlyCount "84"]
[EventDate "2012.06.16"]
[EventType "swiss"]
[EventRounds "9"]
[EventCountry "ESP"]
[SourceTitle "EXT 2013"]
[Source "ChessBase"]
[SourceDate "2012.11.22"]
[SourceVersion "1"]
[SourceVersionDate "2012.11.22"]
[SourceQuality "1"]

1. d4 d5 2. c4 e6 3. Nc3 Nf6 4. cxd5 exd5 5. Bf4 Be7 6. e3 c6 7. Nf3 Bf5 8. Qb3 Qb6 9. Qxb6 axb6 10. Be2 Nbd7 11. 0-0 0-0 12. a4 Ne4 13. Rfc1 Rfc8 14. Nxe4 Bxe4 15. Nd2 Bf5 16. h3 Bf6 17. Bf3 Be6 18. Rc2 h6 19. Bd6 c5 20. Nb3 cxd4 21. Rxc8+ Rxc8 22. exd4 Rc4 23. Be2 Rc2 24. Bd3 Rc6 25. Bb4 Bd8 26. a5 bxa5 27. Bxa5 Bxa5 28. Rxa5 g6 29. Nc5 Nxc5 30. dxc5 b6 31. cxb6 Rxb6 32. Rb5 Rxb5 33. Bxb5 Kf8 34. Kf1 Ke7 35. Ke2 Kd6 36. b4 Ke5 37. Be8 Kd4 38. b5 Kc5 39. g4 g5 40. Kd2 f6 41. f3 d4 42. Bc6 Bc4 0-1

[Event "Balaguer op 17th"]
[Site "Balaguer"]
[Date "2012.06.18"]
[Round "3"]
[White "Ayza Casamitjana, Antoni"]
[Black "Solsona Manonelles, Josep"]
[Result "1-0"]
[WhiteElo "1868"]
[BlackElo "1701"]
[PlyCount "85"]
[EventDate "2012.06.16"]
[EventType "swiss"]
[EventRounds "9"]
[EventCountry "ESP"]
[SourceTitle "EXT 2013"]
[Source "ChessBase"]
[SourceDate "2012.11.22"]
[SourceVersion "1"]
[SourceVersionDate "2012.11.22"]
[SourceQuality "1"]

1. e4 e6 2. Nf3 d5 3. e5 c5 4. b4 cxb4 5. d4 Nc6 6. a3 Bd7 7. axb4 Bxb4+ 8. c3 Be7 9. Bd3 f5 10. 0-0 a6 11. Na3 b5 12. Nc2 h6 13. Nd2 Na5 14. Qh5+ Kf8 15. f4 Nc4 16. g4 Qe8 17. Qxe8+ Kxe8 18. gxf5 exf5 19. Nxc4 bxc4 20. Be2 g6 21. Bf3 Be6 22. Ne3 Rd8 23. Rxa6 Kf7 24. Ra5 g5 25. Nxd5 gxf4 26. Nxf4 Bg5 27. d5 Bc8 28. Bh5+ Kg7 29. Be2 Ne7 30. Bxc4 Ng6 31. Nh5+ Kf8 32. Ba3+ Kg8 33. d6+ Kh7 34. e6 Be3+ 35. Kh1 Bb7+ 36. Bd5 Bxd5+ 37. Rxd5 Nh4 38. d7 Kg6 39. Ng3 f4 40. Ne4 Rhg8 41. Be7 Nf5 42. Bxd8 Rxd8 43. Rxf5 1-0

[Event "Balaguer op 17th"]
[Site "Balaguer"]
[Date "2012.06.16"]
[Round "1"]
[White "Ramiro Ovejero, Juan Luis"]
[Black "Solsona Manonelles, Josep"]
[Result "1-0"]
[WhiteElo "2349"]
[BlackElo "1701"]
[PlyCount "53"]
[EventDate "2012.06.16"]
[EventType "swiss"]
[EventRounds "9"]
[EventCountry "ESP"]
[SourceTitle "EXT 2013"]
[Source "ChessBase"]
[SourceDate "2012.11.22"]
[SourceVersion "1"]
[SourceVersionDate "2012.11.22"]
[SourceQuality "1"]

1. e4 e6 2. d4 d5 3. e5 c5 4. Qg4 g6 5. Nf3 h5 6. Qg3 Nc6 7. Bd3 Qc7 8. 0-0 c4 9. Be2 Nge7 10. Bg5 Nf5 11. Qf4 Be7 12. Bxe7 Qxe7 13. b3 cxb3 14. axb3 a6 15. c4 Nb4 16. Nc3 Bd7 17. Qd2 Rc8 18. Nd1 dxc4 19. bxc4 Nc6 20. Rb1 Rc7 21. Nc3 Na7 22. Ne4 0-0 23. Nf6+ Kg7 24. Bd3 Bc6 25. d5 exd5 26. cxd5 Qc5 27. Bxf5 1-0

[Event "Balaguer op 16th "]
[Site "Balaguer"]
[Date "2011.07.23"]
[Round "7"]
[White "Arno Bendicho, Xenia"]
[Black "Solsona Manonelles, Josep"]
[Result "1-0"]
[WhiteElo "1631"]
[BlackElo "1725"]
[PlyCount "33"]
[EventDate "2011.07.17"]
[EventType "swiss"]
[EventRounds "9"]
[EventCountry "ESP"]
[SourceTitle "CBM 143 Extra"]
[Source "ChessBase"]
[SourceDate "2011.08.29"]
[SourceVersion "1"]
[SourceVersionDate "2011.08.29"]
[SourceQuality "1"]

1. d4 Nf6 2. Nf3 e6 3. e3 d5 4. Bd3 c5 5. b3 Be7 6. Bb2 Nbd7 7. Nbd2 0-0 8. 0-0 a6 9. Ne5 Qc7 10. f4 cxd4 11. exd4 Re8 12. Rf3 Nf8 13. Rh3 Bb4 14. a3 Bc3 15. Bxc3 Qxc3 16. Bxh7+ N8xh7 17. Rxc3 1-0

[Event "Balaguer op 16th "]
[Site "Balaguer"]
[Date "2011.07.22"]
[Round "6"]
[White "Solsona Manonelles, Josep"]
[Black "Turuguet Lopez, Josep Lluis"]
[Result "0-1"]
[WhiteElo "1725"]
[BlackElo "1928"]
[PlyCount "37"]
[EventDate "2011.07.17"]
[EventType "swiss"]
[EventRounds "9"]
[EventCountry "ESP"]
[SourceTitle "CBM 143 Extra"]
[Source "ChessBase"]
[SourceDate "2011.08.29"]
[SourceVersion "1"]
[SourceVersionDate "2011.08.29"]
[SourceQuality "1"]

1. d4 Nf6 2. c4 g6 3. Nc3 d6 4. e4 Bg7 5. Nge2 0-0 6. Ng3 a6 7. Be2 Nbd7 8. Be3 c5 9. d5 Ne8 10. Qc2 Nc7 11. 0-0 Re8 12. a4 Nf6 13. h3 b5 14. cxb5 axb5 15. axb5 Bd7 16. Qb3 Nxb5 17. Bxb5 Bxb5 18. Nxb5 Qb6 19. Ra2 0-1

[Event "Calvia Amateur op 7th"]
[Site "Calvia"]
[Date "2010.10.14"]
[Round "6"]
[White "Hjerten, Teo"]
[Black "Solsona Manonelles, Josep"]
[Result "1-0"]
[WhiteElo "1977"]
[BlackElo "1778"]
[PlyCount "42"]
[EventDate "2010.10.09"]
[EventType "swiss"]
[EventRounds "9"]
[EventCountry "ESP"]
[SourceTitle "EXT 2011"]
[Source "ChessBase"]
[SourceDate "2010.11.26"]
[SourceVersion "1"]
[SourceVersionDate "2010.11.26"]
[SourceQuality "1"]

1. d4 Nf6 2. Nf3 e6 3. c4 d5 4. Nc3 c6 5. Bg5 Be7 6. e3 0-0 7. Rc1 Nbd7 8. Bd3 Re8 9. 0-0 h6 10. Bh4 Nf8 11. Ne5 N6d7 12. Bxe7 Qxe7 13. f4 Nxe5 14. fxe5 b6 15. a3 Ba6 16. cxd5 Bxd3 17. d6 Qg5 18. Qxd3 Ng6 19. Ne4 Qd8 20. Rxc6 Rc8 21. Rfc1 Nf8 1-0

[Event "Calvia Amateur op 7th"]
[Site "Calvia"]
[Date "2010.10.11"]
[Round "3"]
[White "Solsona Manonelles, Josep"]
[Black "Masso Catala, Joan"]
[Result "1-0"]
[WhiteElo "1778"]
[BlackElo "1534"]
[PlyCount "124"]
[EventDate "2010.10.09"]
[EventType "swiss"]
[EventRounds "9"]
[EventCountry "ESP"]
[SourceTitle "EXT 2011"]
[Source "ChessBase"]
[SourceDate "2010.11.26"]
[SourceVersion "1"]
[SourceVersionDate "2010.11.26"]
[SourceQuality "1"]

1. d4 Nf6 2. c4 c5 3. d5 b5 4. Qc2 bxc4 5. e4 d6 6. Bxc4 g6 7. Ne2 Bg7 8. 0-0 0-0 9. Nbc3 Nbd7 10. b3 Nb6 11. Bb2 Bd7 12. a4 Rb8 13. Ra2 Nxc4 14. bxc4 Rb7 15. f3 Qc7 16. Rb1 Rfb8 17. Ba1 Rb4 18. Rxb4 cxb4 19. Nb5 Qb7 20. Qb3 a6 21. Nbd4 Qa7 22. Kh1 Qc5 23. Bc3 e6 24. Bd2 Qa5 25. dxe6 fxe6 26. Nc2 Qh5 27. Ng3 Qe5 28. a5 d5 29. f4 Qc7 30. cxd5 exd5 31. e5 Ng4 32. h3 Nf2+ 33. Kg1 Nd1 34. Qxd5+ Kh8 35. Nxb4 Bb5 36. Qd6 Qxd6 37. exd6 Rd8 38. Ne4 Nb2 39. Bc3 Nc4 40. Bxg7+ Kxg7 41. Ra1 Kf7 42. Rd1 Nxa5 43. Nc5 Nc4 44. Nbxa6 Rxd6 45. Rxd6 Nxd6 46. Nc7 Bc4 47. Na8 Kf6 48. Nb6 Ba2 49. g4 h5 50. Nbd7+ Ke7 51. g5 Be6 52. Nxe6 Kxe6 53. Ne5 Kf5 54. Kg2 Nc8 55. Kg3 Ne7 56. Nf3 Nd5 57. Nh4+ Ke6 58. Nxg6 Kf5 59. Nh4+ Ke6 60. Ng2 Nc3 61. Kh4 Kf5 62. Kxh5 Nd5 1-0

[Event "Calvia Amateur op 7th"]
[Site "Calvia"]
[Date "2010.10.10"]
[Round "2"]
[White "Strand, Oyvin"]
[Black "Solsona Manonelles, Josep"]
[Result "1-0"]
[WhiteElo "1978"]
[BlackElo "1778"]
[PlyCount "51"]
[EventDate "2010.10.09"]
[EventType "swiss"]
[EventRounds "9"]
[EventCountry "ESP"]
[SourceTitle "EXT 2011"]
[Source "ChessBase"]
[SourceDate "2010.11.26"]
[SourceVersion "1"]
[SourceVersionDate "2010.11.26"]
[SourceQuality "1"]

1. Nf3 Nf6 2. g3 d5 3. d3 e6 4. Nbd2 c5 5. Bg2 Nc6 6. 0-0 Be7 7. e4 0-0 8. Re1 Qc7 9. c3 b6 10. e5 Nd7 11. Qe2 Bb7 12. h4 Rae8 13. Bh3 h6 14. Nf1 Nd8 15. Bf4 Kh8 16. N1h2 Rg8 17. h5 Nf8 18. Qe3 d4 19. cxd4 cxd4 20. Qxd4 Bc5 21. Qc3 Qe7 22. a3 Nc6 23. d4 Nxd4 24. Nxd4 Rc8 25. b4 Bd6 26. exd6 1-0

[Event "Sort op 5th"]
[Site "Sort"]
[Date "2009.06.30"]
[Round "7"]
[White "Aranzana Areste, Alberto"]
[Black "Solsona Manonelles, Josep"]
[Result "1-0"]
[WhiteElo "2022"]
[BlackElo "1762"]
[PlyCount "84"]
[EventDate "2009.06.24"]
[EventType "swiss"]
[EventRounds "9"]
[EventCountry "ESP"]
[SourceTitle "CBM 131 Extra"]
[Source "ChessBase"]
[SourceDate "2009.09.03"]
[SourceVersion "2"]
[SourceVersionDate "2009.09.16"]
[SourceQuality "1"]

1. e4 e6 2. d4 d5 3. e5 c5 4. c3 Nc6 5. Nf3 Qc7 6. Be2 Nge7 7. Na3 a6 8. Nc2 cxd4 9. cxd4 Nf5 10. 0-0 Be7 11. Kh1 Bd7 12. Ne3 Nxe3 13. Bxe3 Rc8 14. Rc1 Qb6 15. a3 0-0 16. b4 Na7 17. Qb3 Bb5 18. Bxb5 Qxb5 19. Bg5 Bxg5 20. Nxg5 Nc6 21. Qb1 g6 22. Rfd1 Ne7 23. h4 Qe2 24. Kg1 Rc6 25. Rxc6 Nxc6 26. Nf3 h5 27. Qc1 Kg7 28. Re1 Qd3 29. Qf4 Qxa3 30. Qf6+ Kg8 31. Qf4 Kg7 32. Re3 Qxb4 33. Qf6+ Kg8 34. Qf4 Qe7 35. Qh6 Rc8 36. Ng5 Qxg5 37. Qxg5 Nxd4 38. Re1 b5 39. Qe7 a5 40. Qa7 Nb3 41. Qb7 Rc5 42. Re3 a4 1-0

[Event "Calvia Veterans op 4th"]
[Site "Calvia"]
[Date "2007.10.22"]
[Round "8"]
[White "Theiss Geb Buzgar, Ion"]
[Black "Solsona Manonelles, Josep"]
[Result "1/2-1/2"]
[WhiteElo "1929"]
[BlackElo "1830"]
[PlyCount "51"]
[EventDate "2007.10.15"]
[EventType "swiss"]
[EventRounds "9"]
[EventCountry "ESP"]
[SourceTitle "CBM 120 Extra"]
[Source "ChessBase"]
[SourceDate "2007.11.01"]
[SourceVersion "1"]
[SourceVersionDate "2007.11.01"]
[SourceQuality "1"]

1. d4 Nf6 2. Nc3 e6 3. e4 d5 4. Be3 dxe4 5. f3 Bb4 6. a3 Bxc3+ 7. bxc3 Nd5 8. Qd2 0-0 9. c4 Nxe3 10. Qxe3 Nc6 11. c3 f5 12. fxe4 Qh4+ 13. g3 Qxe4 14. Qxe4 fxe4 15. Bg2 Na5 16. c5 b6 17. Bxe4 Bb7 18. Bxb7 Nxb7 19. cxb6 axb6 20. Ne2 Nd6 21. Kd2 Nc4+ 22. Kd3 Nxa3 23. Nf4 Kf7 24. Rhe1 Rfe8 25. Rf1 Kg8 26. Rfe1 1/2-1/2

[Event "Calvia Veterans op 4th"]
[Site "Calvia"]
[Date "2007.10.20"]
[Round "6"]
[White "Solsona Manonelles, Josep"]
[Black "Mercadal Melia, Dante"]
[Result "1/2-1/2"]
[WhiteElo "1830"]
[BlackElo "1986"]
[PlyCount "61"]
[EventDate "2007.10.15"]
[EventType "swiss"]
[EventRounds "9"]
[EventCountry "ESP"]
[SourceTitle "CBM 120 Extra"]
[Source "ChessBase"]
[SourceDate "2007.11.01"]
[SourceVersion "1"]
[SourceVersionDate "2007.11.01"]
[SourceQuality "1"]

1. d4 Nf6 2. c4 e5 3. dxe5 Ng4 4. Bf4 Nc6 5. Nf3 Bb4+ 6. Nc3 Qe7 7. Qd5 Bxc3+ 8. bxc3 f6 9. exf6 Nxf6 10. Qd3 d6 11. e3 0-0 12. Be2 Bg4 13. 0-0 Rad8 14. Nd4 Ne5 15. Qc2 Bxe2 16. Qxe2 Ne4 17. Rac1 Nc5 18. Bxe5 dxe5 19. Nb3 Nd3 20. Rcd1 e4 21. Nc1 Ne5 22. Rd4 Nf3+ 23. Kh1 Nxd4 24. cxd4 Rd6 25. Qc2 Qh4 26. g3 Qh3 27. Rg1 Rdf6 28. Rg2 Qg4 29. Kg1 Rf3 30. Nb3 Qf5 31. Qe2 1/2-1/2

[Event "Calvia Veterans op 4th"]
[Site "Calvia"]
[Date "2007.10.17"]
[Round "3"]
[White "Solsona Manonelles, Josep"]
[Black "Fernandez Garcia, Ignacio"]
[Result "0-1"]
[WhiteElo "1830"]
[BlackElo "2039"]
[PlyCount "74"]
[EventDate "2007.10.15"]
[EventType "swiss"]
[EventRounds "9"]
[EventCountry "ESP"]
[SourceTitle "CBM 120 Extra"]
[Source "ChessBase"]
[SourceDate "2007.11.01"]
[SourceVersion "1"]
[SourceVersionDate "2007.11.01"]
[SourceQuality "1"]

1. d4 Nf6 2. c4 g6 3. Nc3 Bg7 4. e4 d6 5. Nge2 Nbd7 6. Ng3 c5 7. d5 0-0 8. Be2 a6 9. a4 Rb8 10. Bd2 h5 11. h4 Ne5 12. Bf4 Neg4 13. f3 Ne5 14. Qd2 Re8 15. Kf2 Bd7 16. Ra3 b5 17. axb5 axb5 18. Nxb5 Nxc4 19. Bxc4 Bxb5 20. b3 Bxc4 21. Rb1 Bb5 22. Qc2 Nd7 23. Ne2 Bxe2 24. Kxe2 Ra8 25. Rxa8 Qxa8 26. Bd2 Qa6+ 27. Kf2 Ra8 28. Bc3 Bxc3 29. Qxc3 Ne5 30. Kg3 Qd3 31. Qe1 Rb8 32. b4 c4 33. Qc1 Qe2 34. Qc3 Qd3 35. Qc1 c3 36. Rb3 Rc8 37. b5 Qd2 0-1

[Event "Sort op 3rd"]
[Site "Sort"]
[Date "2007.06.25"]
[Round "1"]
[White "Roeder, Mathias"]
[Black "Solsona Manonelles, Josep"]
[Result "1-0"]
[WhiteElo "2444"]
[BlackElo "1815"]
[PlyCount "55"]
[EventDate "2007.06.25"]
[EventType "swiss"]
[EventRounds "10"]
[EventCountry "ESP"]
[SourceTitle "EXT 2010"]
[Source "ChessBase"]
[SourceDate "2010.11.25"]
[SourceVersion "1"]
[SourceVersionDate "2010.11.25"]
[SourceQuality "1"]

1. Nf3 Nf6 2. c4 e6 3. d4 d5 4. cxd5 Nxd5 5. e4 Nb6 6. Nc3 Be7 7. Be3 0-0 8. Qc2 N8d7 9. Rd1 Re8 10. Bd3 c6 11. a3 h6 12. e5 Nf8 13. Ne4 Nd5 14. Bd2 a5 15. 0-0 Bd7 16. Rfe1 Qb8 17. Qc1 f5 18. exf6 Nxf6 19. Bxh6 N8h7 20. Bf4 Qc8 21. Nd6 Bxd6 22. Bxd6 Nf8 23. Qg5 Qd8 24. Be5 N8h7 25. Bxh7+ Kxh7 26. Re4 Qe7 27. Rh4+ Kg8 28. Qg6 1-0